Návrh nárazovej zóny pre vozidlo Formula student

Gespeichert in:
Bibliographische Detailangaben
1. Verfasser: Baranka, Michal (Verfasst von)
Weitere Verfasser: Magdolen, Ľuboš (Betreuung Doktorarbeit)
Format: Manuskript Buch
Sprache:Slowakisch
Veröffentlicht: 2019
Schlagworte:
Online-Zugang:http://is.stuba.sk/zp/portal_zp.pl?podrobnosti=136834
Tags: Tag hinzufügen
Keine Tags, Fügen Sie das erste Tag hinzu!

MARC

LEADER 00000ntm a22000003a 4500
001 stuzp75430
003 SK-STU
005 20190608213531.7
007 ta
008 150427s2015----xo-----f-mn---000-0-slo-d
040 |a STU  |b slo 
041 0 |a slo 
100 1 |a Baranka, Michal  |u 020030  |4 aut  |U SjF Strojnícka fakulta  |T SjF Ústav dopravnej techniky a konštruovania  |X 87434  |U J0030  |Y 806  |7 87434 
242 0 1 |a Formula student vehicle Impact zone design  |y eng 
245 1 0 |a Návrh nárazovej zóny pre vozidlo Formula student 
260 |c 2019 
650 4 |a pasívna bezpečnosť  |2 slo 
650 4 |a Ansys  |2 slo 
650 4 |a crash-test  |2 slo 
650 4 |a aktívna bezpečnosť  |2 slo 
650 4 |a deformačná zóna  |2 slo 
650 4 |a crash-box  |2 slo 
650 4 |a passive safety  |2 eng 
650 4 |a active safety  |2 eng 
650 4 |a deformation zone  |2 eng 
650 4 |a crash-box  |2 eng 
650 4 |a Ansys  |2 eng 
650 4 |a Crash-test  |2 eng 
700 1 |a Magdolen, Ľuboš  |u 020030  |k Z1  |4 ths  |U SjF Strojnícka fakulta  |T SjF Ústav dopravnej techniky a konštruovania  |X 2362  |U J0030  |Y 806  |7 A00002362 
856 4 |u http://is.stuba.sk/zp/portal_zp.pl?podrobnosti=136834 
996 |b 284J045945  |c J* 3055/DBP  |l JJSK  |s A  |a 24  |w stuzp75430_0001